| 000 | 00533nam a2200169 i 4500 | ||
|---|---|---|---|
| 001 | 102449 | ||
| 003 | ES-MaACL | ||
| 005 | 20230906183118.0 | ||
| 007 | t| | ||
| 008 | 051110s1945 ag ||||1| spa d | ||
| 100 | 1 |
_aMeredith, George. _980476 |
|
| 245 | 1 | 3 |
_aEl egoista / _cpor George Meredith; [traducción directa y notas por Eugenio Díaz del Castillo]. |
| 260 |
_aBuenos Aires : _bEmecé, _c1945. |
||
| 300 |
_a564 p., 3 h. ; _c20 cm. |
||
| 700 | 1 |
_aDíaz del Castillo, Eugenio. _944258 |
|
| 852 |
_aES-MaACL _jF-5234 _bR.27247 |
||
| 999 |
_c102449 _d102449 |
||